000
00320nam a22001457a 4500
008
210527b ||||| |||| 00| 0 eng d
020
_a
2900135351894
041
_a
eng
080
_2
2nd
_a
159.9
082
_a
159.9
100
_a
48
101
_a
PSI
245
_a
About Thinking
_c
W. Ward Fearnside
942
_2
udc
_c
BK
999
_c
57710
_d
57710